Vallástudományi tanulmányok III.

Elmentve itt :
Bibliográfiai részletek
További közreműködők: Máté-Tóth András
Kovács Marian
Dokumentumtípus: Könyv
Megjelent: 2008
Sorozat:Acta studiorum religionis 3
Kulcsszavak:Vallástudomány - tanulmányok
Tárgyszavak:
Online Access:http://acta.bibl.u-szeged.hu/39443
LEADER 00780nam a2200253 i 4500
001 acta39443
005 20230509145225.0
008 161201s2008 hu o 0|| hun d
020 |a 978 963 9717602 
022 |a 1419 2381 
040 |a SZTE Egyetemi Kiadványok Repozitórium  |b hun 
041 |a hun 
041 |a eng 
041 |a ger 
245 0 0 |a Vallástudományi tanulmányok III.  |h [elektronikus dokumentum] 
260 |c 2008 
300 |a 215 
490 0 |a Acta studiorum religionis  |v 3 
650 4 |a Bölcsészettudományok 
650 4 |a Filozófia, etika és vallástudományok 
695 |a Vallástudomány - tanulmányok 
700 0 2 |a Máté-Tóth András 
700 0 2 |a Kovács Marian 
856 4 0 |u http://acta.bibl.u-szeged.hu/39443/1/religiosa_003.pdf  |z Dokumentum-elérés